00701cam a2200229 a 4500001000500000005001700005020002800022020001800050040001800068050002300086082001200109100002200121245004000143260003400183300005700217505000600274520011300280521001900393521001800412650001900430650002200449138520260401102745.0 a076361954X (alk. paper) a9780545110884 aDLCcDLCdDLC00aPZ7.S1552bCp 200300a[E]2211 aSaltzberg, Barney10aCrazy Hair Day /cBarney Saltzberg. aNew York :bScholastic,c2003 a26 unnumbered pages :bcolor illustrations ;c28 cm. aK aStanley is excited about Crazy Hair Day at his school, until he discovers that he has gotten the date wrong. a560 bLexile  aK bRaz-Plus 1aHairvFiction. 1aSchoolsvFiction.